Statistics for European Countries: Country Transits = 3

Click here to take the quiz!

General Stats

  • This quiz has been taken 48 times
  • The average score is 36 of 43

Answer Stats

COUNTRYCT = 3% Correct
Austria
98%
Belgium
98%
Andorra
98%
Czech Republic
95%
Denmark
95%
Germany
95%
France
93%
Italy
93%
Belarus
93%
Bulgaria
93%
Croatia
93%
Liechtenstein
93%
Finland
93%
Greece
93%
Hungary
93%
Kosovo
90%
Albania
90%
Bosnia and Herzegovina
90%
Monaco
88%
Latvia
88%
Netherlands
88%
Estonia
85%
Luxembourg
85%
Ireland
83%
Macedonia
83%
Lithuania
80%
Moldova
80%
Montenegro
80%
Norway
78%
Poland
78%
Portugal
78%
Romania
76%
Russia
71%
San Marino
71%
Switzerland
68%
Sweden
66%
Serbia
66%
Spain
66%
Slovenia
66%
Slovakia
66%
Ukraine
63%
United Kingdom
59%
Vatican City
59%

Score Distribution

Percentile by Number Answered

Percent of People with Each Score

Your Score History

You have not taken this quiz